Nothing is sacred (Record no. 64250)

MARC details
000 -LEADER
fixed length control field 00710nam a2200241 i 4500
001 - CONTROL NUMBER
control field C2-0250956
003 - CONTROL NUMBER IDENTIFIER
control field PPAK
005 - DATE AND TIME OF LATEST TRANSACTION
control field 20180727214526.0
008 - FIXED-LENGTH DATA ELEMENTS--GENERAL INFORMATION
fixed length control field 030803s2003 my |||| ||||| | eng d
020 ## - INTERNATIONAL STANDARD BOOK NUMBER
International Standard Book Number 9832737060
040 ## - CATALOGING SOURCE
Original cataloging agency PPAK
Language of cataloging eng
Transcribing agency PPAK
Description conventions rda
082 04 - DEWEY DECIMAL CLASSIFICATION NUMBER
Classification number 959.5
Edition number 23
090 00 - LOCALLY ASSIGNED LC-TYPE CALL NUMBER (OCLC); LOCAL CALL NUMBER (RLIN)
Classification number (OCLC) (R) ; Classification number, CALL (RLIN) (NR) 959.5
Feature heading SAL
Feature heading G
100 0# - MAIN ENTRY--PERSONAL NAME
Personal name Salleh Ben Joned,
Relator term author
245 10 - TITLE STATEMENT
Title Nothing is sacred
264 #1 - PRODUCTION, PUBLICATION, DISTRIBUTION, MANUFACTURE, AND COPYRIGHT NOTICE
Place of production, publication, distribution, manufacture Petaling Jaya, Selangor :
Name of producer, publisher, distributor, manufacturer Maya Press ,
Date of production, publication, distribution, manufacture, or copyright notice 2003
300 ## - PHYSICAL DESCRIPTION
Extent xvii, 420 pages ;
Dimensions 22 cm
336 ## - CONTENT TYPE
Source rdacontent
Content type term text
337 ## - MEDIA TYPE
Source rdamedia
Media type term unmediated
338 ## - CARRIER TYPE
Source rdacarrier
Carrier type term volume
650 10 - SUBJECT ADDED ENTRY--TOPICAL TERM
Topical term or geographic name entry element Malaysian essays (English) ; Malaysian literature ; Malaysia - Social life and customs
942 ## - ADDED ENTRY ELEMENTS (KOHA)
-- dc
Koha item type Book
Holdings
Withdrawn Not for loan Current library Shelving location Date acquired Full call number Barcode Date last seen Koha item type Total Checkouts Date last checked out
    Perpustakaan Alor Setar Pinjaman Dewasa 24/08/2003 959.5 SAL A01055154 08/05/2018 Book    
    Perpustakaan Alor Setar Pinjaman Dewasa 24/08/2003 959.5 SAL A01055155 08/05/2018 Book    
    Perpustakaan Awam Sungai Petani Pinjaman Dewasa 28/07/2004 959.5 SAL A01066731 08/05/2018 Book    
    Perpustakaan Baling Pinjaman Dewasa 24/08/2003 959.5 SAL A01055161 15/03/2020 Book 1 18/02/2020
    Perpustakaan Baling Pinjaman Dewasa 24/08/2003 959.5 SAL A01055162 08/05/2018 Book    
    Perpustakaan Bandar Baharu Pinjaman Dewasa 28/07/2004 959.5 SAL A01066732 08/05/2018 Book    
    Perpustakaan Jitra Pinjaman Dewasa 24/08/2003 959.5 SAL A01055157 08/05/2018 Book    
    Perpustakaan Kulim Pinjaman Dewasa 24/08/2003 959.5 SAL A01055159 08/05/2018 Book    
    Perpustakaan Kulim Pinjaman Dewasa 24/08/2003 959.5 SAL A01055160 08/05/2018 Book    
    Perpustakaan Langkawi Pinjaman Dewasa 24/08/2003 959.5 SAL A01055158 08/05/2018 Book    
    Perpustakaan Yan Pinjaman Dewasa 28/07/2004 959.5 SAL A01066733 08/05/2018 Book